MARC details
| 000 -CABECERA |
| campo de control de longitud fija |
02037nam a2200349 a 4500 |
| 003 - IDENTIFICADOR DEL NÚMERO DE CONTROL |
| campo de control |
CHAP |
| 005 - FECHA Y HORA DE LA ÚLTIMA TRANSACCIÓN |
| campo de control |
20230607095405.0 |
| 007 - CAMPO FIJO DE DESCRIPCIÓN FÍSICA--INFORMACIÓN GENERAL |
| campo de control de longitud fija |
ta |
| 008 - DATOS DE LONGITUD FIJA--INFORMACIÓN GENERAL |
| campo de control de longitud fija |
230606s1999 mx a|||gr6||| 001 h spa d |
| 020 ## - NÚMERO INTERNACIONAL ESTÁNDAR DEL LIBRO |
| Número Internacional Estándar del Libro |
970-05-1106-5 |
| 040 ## - FUENTE DE LA CATALOGACIÓN |
| Centro catalogador/agencia de origen |
mxchpua |
| Centro/agencia transcriptor |
CHAP |
| Normas de descripción |
rda |
| 050 10 - SIGNATURA TOPOGRÁFICA DE LA BIBLIOTECA DEL CONGRESO |
| Número de clasificación |
BR157 |
| Número de documento/Ítem |
.R58 1999 |
| 082 00 - NÚMERO DE LA CLASIFICACIÓN DECIMAL DEWEY |
| Número de clasificación |
808.879382 |
| Número de documento/Ítem |
R58 1999 |
| Número de edición |
20 |
| 100 1# - ENTRADA PRINCIPAL--NOMBRE DE PERSONA |
| 9 (RLIN) |
97542 |
| Nombre de persona |
Rius |
| Término indicativo de función/relación |
autor |
| 245 13 - MENCIÓN DE TÍTULO |
| Título |
El supermercado de las sectas / |
| Mención de responsabilidad, etc. |
Rius |
| 250 ## - MENCIÓN DE EDICIÓN |
| Mención de edición |
1a edición |
| 264 ## - PRODUCCIÓN, PUBLICACIÓN, DISTRIBUCIÓN, FABRICACIÓN Y COPYRIGHT |
| Producción, publicación, distribución, fabricación y copyright |
México : |
| Nombre del de productor, editor, distribuidor, fabricante |
Grijalbo, |
| Fecha de producción, publicación, distribución, fabricación o copyright |
1999 |
| 300 ## - DESCRIPCIÓN FÍSICA |
| Extensión |
255 páginas : |
| Otras características físicas |
ilustraciones |
| 336 ## - TIPO DE CONTENIDO |
| Fuente |
rdacontent |
| Término de tipo de contenido |
texto |
| Código de tipo de contenido |
txt |
| 337 ## - TIPO DE MEDIO |
| Fuente |
rdamedia |
| Nombre/término del tipo de medio |
sin medio |
| Código del tipo de medio |
n |
| 338 ## - TIPO DE SOPORTE |
| Fuente |
rdacarrier |
| Nombre/término del tipo de soporte |
volumen |
| Código del tipo de soporte |
nc |
| 504 ## - NOTA DE BIBLIOGRAFÍA, ETC. |
| Nota de bibliografía, etc. |
Bibliografía: página 255 |
| 520 2# - SUMARIO, ETC. |
| Sumario, etc. |
Este libro escribe Rius intenta desenmascarar a las sectas, sean budistas, católicas, protestantes o mexicanas, y liberar de telarañas a los ingenuos e ingenuas (sobre todo) que andan a la búsqueda del camino de la luz. Producto de una investigación en serio, El supermercado de las sectas disecciona en primer lugar los engañosos mecanismos que utilizan gurús, pastores, maestros espirituales, etc., para engatusara sus clientelas. De dichos mecanismos se valen, incluso, las sectas católicas, porque, como demuestra Rius, las principales agrupaciones sectarias se presentan en el seno mismo de las religiones establecidas; en el caso católico hay que destacar al Opus Dei y a los Legionarios de Maciel. Pero el repaso abarca prácticamente a todas las sectas que han proliferado en el mundo contemporáneo y que han hecho estragos entre los ingenuos y bien intencionados. Así, la lectura de este informado y divertido libro proporciona un blindaje eficaz para no caer en las garras del fanatismo seudo espiritual. |
| 650 13 - PUNTO DE ACCESO ADICIONAL DE MATERIA--TÉRMINO DE MATERIA |
| 9 (RLIN) |
187360 |
| Término de materia o nombre geográfico como elemento de entrada |
Sátira |
| 650 12 - PUNTO DE ACCESO ADICIONAL DE MATERIA--TÉRMINO DE MATERIA |
| 9 (RLIN) |
133612 |
| Término de materia o nombre geográfico como elemento de entrada |
Literatura mexicana |
| Subdivisión cronológica |
Siglo XX |
| 650 17 - PUNTO DE ACCESO ADICIONAL DE MATERIA--TÉRMINO DE MATERIA |
| 9 (RLIN) |
103556 |
| Término de materia o nombre geográfico como elemento de entrada |
Sectas |
| Subdivisión general |
Caricaturas |
| 650 13 - PUNTO DE ACCESO ADICIONAL DE MATERIA--TÉRMINO DE MATERIA |
| 9 (RLIN) |
187362 |
| Término de materia o nombre geográfico como elemento de entrada |
Humor |
| 650 13 - PUNTO DE ACCESO ADICIONAL DE MATERIA--TÉRMINO DE MATERIA |
| 9 (RLIN) |
187361 |
| Término de materia o nombre geográfico como elemento de entrada |
Satire |
| 650 13 - PUNTO DE ACCESO ADICIONAL DE MATERIA--TÉRMINO DE MATERIA |
| 9 (RLIN) |
153762 |
| Término de materia o nombre geográfico como elemento de entrada |
Mexican literature |
| Subdivisión general |
|
| Subdivisión cronológica |
20th. century |
| 650 17 - PUNTO DE ACCESO ADICIONAL DE MATERIA--TÉRMINO DE MATERIA |
| 9 (RLIN) |
187359 |
| Término de materia o nombre geográfico como elemento de entrada |
Sects |
| Subdivisión general |
Cartoons |
| 942 ## - ELEMENTOS DE PUNTO DE ACCESO ADICIONAL (KOHA) |
| Fuente del sistema de clasificación o colocación |
Dewey Decimal Classification |
| Tipo de ítem Koha |
|